Everton FC Squad 2021-2022 - Statistics

General Stats
  • This quiz has been taken 369 times
    288 since last reset
  • The average score is 23 of 34
Answer Stats
# Position Nation Player % Correct
1 GK England Jordan Pickford
99%
7 FW Brazil Richarlison
93%
9 FW England Dominic Calvert-Lewin
89%
23 DF Ireland Seamus Coleman
88%
13 DF Colombia Yerry Mina
85%
15 GK Bosnia and Herzegovina Asmir Begović
84%
5 DF England Michael Keane
83%
10 MF Iceland Gylfi Sigurðsson
81%
6 MF Brazil Allan
80%
21 MF Portugal André Gomes
80%
17 FW Nigeria Alex Iwobi
78%
19 DF Ukraine Vitali Mykolenko
77%
16 MF France Abdoulaye Doucouré
76%
4 DF England Mason Holgate
75%
28 FW Turkey Cenk Tosun
73%
- Coach England Frank Lampard
73%
33 FW Venezuela Salomón Rondón
73%
12 DF France Lucas Digne
67%
11 FW England Demarai Gray
66%
22 DF England Ben Godfrey
65%
3 DF Scotland Nathan Patterson
65%
- Coach Spain Rafa Benítez
65%
26 MF England Tom Davies
61%
24 FW England Anthony Gordon
60%
30 MF Netherlands Donny van de Beek
58%
36 MF England Dele Alli
54%
25 MF Ivory Coast Jean-Philippe Gbamin
52%
14 FW England Andros Townsend
51%
- Coach Scotland Duncan Ferguson
51%
2 DF England Jonjoe Kenny
47%
8 MF England Fabian Delph
39%
32 DF England Jarrad Branthwaite
39%
34 FW Netherlands Anwar El Ghazi
36%
31 GK England Andy Lonergan
28%
No matching quizzes found
Score Distribution
Percent of People with Each Score
Percentile by Number Answered
Your Score History
You have not taken this quiz since the last reset